| 000 | 00758nam a2200217 i 4500 | ||
|---|---|---|---|
| 001 | 000040982 | ||
| 003 | DO-SdBNP | ||
| 005 | 20250617133345.0 | ||
| 007 | ta | ||
| 008 | 130912s2013 dr 000 0 spa d | ||
| 040 |
_aDO-SdBNP _bspa _cBNPHU _erda |
||
| 082 |
_axxx _bxxx _222 |
||
| 110 | 1 |
_aRepública Dominicana _bMinisterio de Hacienda _967417 |
|
| 245 | 1 | 0 |
_aLey No. 340-06 sobre compras y contrataciones : _bcon modificaciones de la ley no. 449-06 y su reglamento de aplicación No. 543-12. |
| 264 | 1 |
_aSanto Domingo : _bDirección General de Contrataciones Públicas, _c2013. |
|
| 300 |
_a101 páginas ; _c21cm. |
||
| 336 |
_atexto _btxt _2rdacontent |
||
| 337 |
_asin mediación _bn _2rdamedia |
||
| 338 |
_avolumen _bnc _2rdacarrier |
||
| 942 |
_2ddc _cLBS1 |
||
| 999 |
_c40472 _d40472 |
||